书目信息 |
| 书名: | Elementary statistics | |
| 作者: | Mario F. Triola. | |
| 分册号: | ||
| 分册名: | 出版地: | Reading, Mass. : |
|
| 出版社: | Addison-Wesley | |
| 出版时间: | c1995. | |
| 页数: | 1v. (various pagings) : | |
| 开本: | 24 cm. | |
| 丛书名: | ||
| 中图分类号: | ||
| 科图分类号: | ||
| 其他分类号: | C8 | |
| 主题词: | ||
| 电子资源: | ||
| 000 | 00916pam a2200277 a 450 | |
| 001 | E0735901875 | |
| 005 | 20070426095951.37 | |
| 008 | 940413s1995 maua 001 0 eng | |
| 010 | @a94016049 | |
| 020 | @a0201576848 :@c$39.95. | |
| 035 | @A(DLC) 94016049 | |
| 040 | @aDLC@cDLC@dDLC | |
| 050 | 00 | @aQA276.12@b.T76 1995 |
| 082 | 00 | @a519.5@2 20 |
| 090 | @aC8 | |
| 099 | @dC8@ex62=6 | |
| 100 | 1 | @aTriola, Mario F. |
| 245 | 10 | @aElementary statistics / @cMario F. Triola. |
| 250 | @a6th ed. | |
| 260 | @aReading, Mass. :@bAddison-Wesley,@cc1995. | |
| 300 | @a1v. (various pagings) :@bill. ;@c24 cm. | |
| 500 | @aIncludes index. | |
| 650 | 0 | @aStatistics. |
| 906 | @a7@bcbc@corignew@d1@eocip@f19@gy-gencatlg | |
| 955 | @apc01 to JA00 04-13-94; jd13 04-14-94; jd99 04-14-94; jd85 04-14-94; CIP ver. jf12 10-27-94 to sl 10-27-94 | |
| 991 | @bc-GenColl@hQA276.12@i.T76 1995@p00035135534@tCopy 1@v57684@wBOOKS | |
| Elementary statistics / / Mario F. Triola.-6th ed.-Reading, Mass. : : Addison-Wesley, , c1995. |
| 1v. (various pagings) : : ill. ; ; 24 cm. |
| Includes index. |
| ISBN 0201576848 :$39.95. |
| ● |
| 相关链接 |
|
|
|
|
正题名:Elementary statistics
索取号:C8/x62=6
 
预约/预借
| 序号 | 登录号 | 条形码 | 馆藏地/架位号 | 状态 | 备注 |
| 1 | 5405 | 300054054 | 第二样本阅览室/ [索取号:C8/x62=6] | 在馆 | |
| 2 | 5406 | 300054063 | 第四借阅区/ [索取号:C8/x62=6] | 在馆 | |
| 3 | 5407 | 300054072 | 第四借阅区/ [索取号:C8/x62=6] | 在馆 |